A guide to criminal procedure in Uganda / (Record no. 11690)
[ view plain ]
| 000 -LEADER | |
|---|---|
| fixed length control field | 00623cam a22002052 4500 |
| 001 - CONTROL NUMBER | |
| control field | 0000025409 |
| 005 - DATE AND TIME OF LATEST TRANSACTION | |
| control field | 20151217154534.0 |
| 008 - FIXED-LENGTH DATA ELEMENTS--GENERAL INFORMATION | |
| fixed length control field | 150909s xx 000 0 eng d |
| 020 ## - INTERNATIONAL STANDARD BOOK NUMBER | |
| International Standard Book Number | 9966153296 : |
| 040 ## - CATALOGING SOURCE | |
| Original cataloging agency | KABUl |
| Transcribing agency | KABU |
| 100 1# - MAIN ENTRY--PERSONAL NAME | |
| Personal name | Odoki, Benjamin. |
| -- | 0000186062 |
| 245 12 - TITLE STATEMENT | |
| Title | A guide to criminal procedure in Uganda / |
| Statement of responsibility, etc. | by Benjamin Odoki. |
| 250 ## - EDITION STATEMENT | |
| Edition statement | 3rd ed. |
| 260 ## - PUBLICATION, DISTRIBUTION, ETC. (IMPRINT) | |
| Place of publication, distribution, etc. | Nairobi, Kenya : |
| Name of publisher, distributor, etc. | lawAfrica, |
| Date of publication, distribution, etc. | 2011. |
| 300 ## - PHYSICAL DESCRIPTION | |
| Extent | xix, 272 p. ; |
| Dimensions | cm. |
| 650 #0 - SUBJECT ADDED ENTRY--TOPICAL TERM | |
| Topical term or geographic name as entry element | Criminal procedure |
| Geographic subdivision | Uganda. |
| -- | 0000181467 |
| 852 1# - LOCATION | |
| -- | P2500 KES |
| 908 ## - PUT COMMAND PARAMETER (RLIN) | |
| Put command parameter | 150909 |
| 950 ## - LOCAL HOLDINGS (RLIN) | |
| -- | 1 |
| Withdrawn status | Lost status | Source of classification or shelving scheme | Not for loan | Home library | Current library | Date acquired | Total Checkouts | Full call number | Barcode | Date last seen | Price effective from | Koha item type |
|---|---|---|---|---|---|---|---|---|---|---|---|---|
| Library of Congress Classification | Kabarak, Main Campus | Kabarak, Main Campus | 17/12/2015 | KTW460 .O36 2011 C.2 | 019816 | 17/12/2015 | 17/12/2015 | General Collection |